Statistics for U.S. States With More Than One City over 2 Million

Click here to take the quiz!

General Stats

  • This quiz has been taken 42 times
  • The average score is 5 of 6

Answers on the Map

Answers color-coded by a green-red scale on the quiz's map according to % correct below.
 

Answer Stats

HintAnswer% Correct
5California
100%
3Florida
100%
4Texas
100%
3Ohio
86%
2Pennsylvania
78%
2Missouri
59%

Score Distribution

Percentile by Number Answered

Percent of People with Each Score

Your Score History

You have not taken this quiz